| 000 | 01016nam a22003137a 4500 | ||
|---|---|---|---|
| 001 | BR8103087 | ||
| 003 | BR-BrBNA | ||
| 005 | 20230928090952.0 | ||
| 007 | ta | ||
| 008 | 230509b bl.||||| |||| 00| 0 por d | ||
| 040 |
_aBR-BrBNA _bpor _cBiblioteca Nacional de Agricultura |
||
| 041 | _a(Por) | ||
| 072 |
_aP05; F00 _b9530 _b/G514 |
||
| 090 | _ 9530 BR8103087 | ||
| 100 | 1 | _aMoraes, J.R. de | |
| 110 | 1 |
_aConfederacao Nacional da Industria, Rio de Janeiro, RJ (Brasil). Depto. de Assistencia a Media e Pequena Industria _92531 |
|
| 245 | 1 | _aManual dos oleos vegetais e suas possibilidades energeticas [Brasil] | |
| 246 | 1 | _a[Manual of vegetable oils and their energetic possibilities [Brazil]] | |
| 260 | 3 |
_aRio de Janeiro, RJ (Brasil): _c1981. |
|
| 300 | _a74 p. | ||
| 500 | _a19 tables; 19 ref. | ||
| 650 | _aRecurso energetico | ||
| 650 | _aProducao vegetal | ||
| 650 | _aOleo vegetal | ||
| 650 | _aOleo diesel | ||
| 650 | _aCombustivel | ||
| 909 |
_a202309 _bLucia _c55 _dLucia Elande |
||
| 942 | _cBK | ||
| 999 |
_c31513 _d31513 |
||